书目信息 |
| 题名: |
景观设计初步
|
|
| 作者: | 惠特曼 , 特纳 ;姚崇怀 , 王彩云 译 | |
| 分册: | ||
| 出版信息: | 北京 中国建筑工业出版社 2001.03 |
|
| 页数: | 141页 | |
| 开本: | 24cm | |
| 丛书名: | 造园丛书 | |
| 单 册: | ||
| 中图分类: | TU986.2 | |
| 科图分类: | ||
| 主题词: | 园林--规划 , 公园--绿化规划 | |
| 电子资源: | ||
| ISBN: | 7-112-04392-1 | |
| 000 | 00800nam0 2200265 45 | |
| 001 | 0230357821 | |
| 005 | 2002041708255782 | |
| 010 | @a7-112-04392-1@dRMB 60.00 | |
| 100 | @a20020417d2001 km y0chiy0120 ea | |
| 101 | 0 | @achi |
| 102 | @aCN@b110000 | |
| 200 | 1 | @a景观设计初步@Ajing guan she ji chu bu@f(美)惠特曼,特纳@F(mei)hui te man,te na@g姚崇怀,王彩云译@Gyao chong huai,wang cai yun yi |
| 210 | @a北京@c中国建筑工业出版社@d2001.03 | |
| 215 | @a141页@d24cm | |
| 225 | 2 | @a造园丛书 |
| 461 | 0 | @12001 @a造园丛书 |
| 606 | 0 | @a园林@x规划 |
| 606 | 0 | @a公园@x绿化规划 |
| 690 | @aTU986.2@v3 | |
| 701 | 0 | @a惠特曼@Ahui te man |
| 701 | 0 | @a特纳@Ate na |
| 702 | 0 | @a姚崇怀@Ayao chong huai@4译 |
| 702 | 0 | @a王彩云@Awang cai yun@4译 |
| 801 | 0 | @aCN@bPFT@c20020417 |
| 905 | @a10447@dTU986.2@eH951 | |
| 景观设计初步/(美)惠特曼,特纳/姚崇怀,王彩云译.-北京:中国建筑工业出版社,2001.03 |
| 141页;24cm.-(造园丛书) |
| ISBN 7-112-04392-1:RMB 60.00 |
| ● |
| 相关链接 |
|
|
|
正题名:景观设计初步
索取号:TU986.2/H951
 
预约/预借
| 序号 | 登录号 | 条形码 | 馆藏地/架位号 | 状态 | 备注 |
| 1 | 355297 | 203552976 | 建筑库201/201建筑库 97排2列4层/ [索取号:TU986.2/H951] | 在馆 | |
| 2 | 355298 | 203552985 | 建筑库201/201建筑库 97排2列4层/ [索取号:TU986.2/H951] | 在馆 |